000171154 001__ 171154 000171154 005__ 20260515163945.0 000171154 0248_ $$2sideral$$a130410 000171154 037__ $$aART-2009-130410 000171154 041__ $$aspa 000171154 100__ $$0(orcid)0000-0001-7385-6772$$aMérida Donoso, José Antonio 000171154 245__ $$aLa cultura laica en época visigoda 000171154 260__ $$c2009 000171154 5203_ $$aLa cultura laica en la época visigoda RESUMEN A pesar de la realidad que transmite la cita con que empiezo este artículo, el panorama cultural visigodo no puede ni debe ser presentado como una sociedad dicotómica, formada por unos pocos hombres cultos frente a la masa analfabeta. Constituiría un error relevante considerar la sociedad que poblaba la Península Ibérica durante la época visigoda, bajo la forma de una masa ingente de iletrados de la que surgieron unas pocas figuras descollantes. Una visión reduccionista y simplista de esta índole negaría la realidad de esta época. 000171154 540__ $$9info:eu-repo/semantics/closedAccess$$aAll rights reserved$$uhttp://www.europeana.eu/rights/rr-f/ 000171154 655_4 $$ainfo:eu-repo/semantics/article$$vinfo:eu-repo/semantics/publishedVersion 000171154 773__ $$g5, 25 (2009), 1-20$$pClaseshistoria$$tRevista de Claseshistoria$$x1989-4988 000171154 8564_ $$s725546$$uhttps://zaguan.unizar.es/record/171154/files/texto_completo.pdf$$yVersión publicada 000171154 8564_ $$s1331062$$uhttps://zaguan.unizar.es/record/171154/files/texto_completo.jpg?subformat=icon$$xicon$$yVersión publicada 000171154 909CO $$ooai:zaguan.unizar.es:171154$$particulos$$pdriver 000171154 951__ $$a2026-05-15-14:54:00 000171154 980__ $$aARTICLE